| 000 | 00594nam a2200193Ia 4500 | ||
|---|---|---|---|
| 003 | IN-BaIIA | ||
| 008 | 211028s9999 xx 000 0 eng d | ||
| 040 | _cIIA Library | ||
| 080 |
_a535.41 _bREE |
||
| 100 |
_aReeve, Charles P. _912493 |
||
| 245 | 4 |
_aThe calibration of an optical flat by interferometric comparision to a master optical flat _cReeve, Charles P. |
|
| 260 |
_aSpringfield _bU. S. Department of Commerce _c1975 |
||
| 300 | _aii, 36p. | ||
| 490 | _aNBSIR 75-975 | ||
| 650 |
_aInterferometry _93249 |
||
| 650 | _aNASA Thesaurus | ||
| 650 |
_aOptical flat _912494 |
||
| 942 | _cBK | ||
| 999 |
_c7299 _d7299 |
||